00705nam a2200241 a 4500001001300000003000900013005001700022008004100039020001000080082002100090100002400111245003200135260002700167300000900194500003500203505003100238650001600269700002400285902000800309942000700317952012200324999001700446nice12345678IN_TiNIC20260116013946.0050524s1998 dela grp 000 0 eng  ac52500a306.0899145bAGA aAgarwallah, Shyam S aReligion and Caste Politics aDelhibRawat Pubc1998 a308p aincludes index and biblioraphy2 aGlossary, Reference, Index aCaste-India1 aAgarwallah, Shyam S bSRS cBK 001040708StackRoom-aHMIbHMId2007-03-30g525.00l0o306.0899145 AGAp018787r2007-03-30v525.00w2005-05-24yBK c13266d13266